000 00505nam a2200181Ia 4500
005 20250317131311.0
008 008 250317s9999 xx 000 0 eng d
037 _aTextbook
040 _aFMSL
_beng
_cFMSL
041 _aeng
_2eng
084 _aX:74.1 P0
_qFMSL
100 _aJeannet J P
_9742193
245 0 _aManaging with a global mind set
260 _aLondon
_bLondon, Prentice Hall
_c2000
300 _a245p
942 _cTB
_hX:74.1 P0
999 _c1267559
_d1267559